| 000 | 00523cam a2200169 4500 | ||
|---|---|---|---|
| 001 | BUCI013372 | ||
| 008 | s1968 bl a spa | ||
| 035 | _aBUCI013372 | ||
| 050 | 0 | 0 |
_aGB169 _bC38 1968 |
| 100 | 1 | _aCháves, Luis Fernando | |
| 245 | 1 | 0 |
_aGeografia regional de Venezuela / _cLuis Fernando Cháves y Leonel Vivas |
| 260 |
_aBrasil : _bInstituto panamericano de geografía, _c1968 |
||
| 300 |
_a267 p. ; _c16 cm. |
||
| 650 | 1 | 0 |
_aGeografía _xVenezuela |
| 700 | 1 | _aVivas, Leonel,coaut. | |
| 942 |
_2lcc _cLIB |
||
| 999 |
_c87550 _d87550 |
||